[Event "World Rapid Women 2021"]
[Site "Warsaw POL"]
[Date "2021.12.27"]
[Round "6.39"]
[White "Zabrzanska, Weronika"]
[Black "Heredia Serrano, Carla"]
[Result "1-0"]
[BlackTitle "WGM"]
[WhiteElo "1923"]
[BlackElo "2121"]
[WhiteFideId "21825173"]
[BlackFideId "3603687"]
[EventDate "2021.12.26"]

1. e4 c6 2. d4 d5 3. e5 c5 4. dxc5 e6 5. a3 Bxc5 6. b4 Bb6 7. Bb2 Ne7 8. Nf3 Ng6
9. Bd3 a5 10. O-O axb4 11. axb4 Rxa1 12. Bxa1 Nf4 13. Re1 Nxd3 14. cxd3 O-O 15.
d4 Bd7 16. Qd3 Nc6 17. Bc3 h6 18. Nbd2 Na7 19. Nb3 Bb5 20. Qe3 Nc6 21. Nfd2 Qe7
22. Nc5 Bxc5 23. dxc5 d4 24. Bxd4 Nxb4 25. Qb3 Nc6 26. Qxb5 Nxd4 27. Qc4 Nc6 28.
f4 Rd8 29. Ne4 Rd4 30. Qc2 Qc7 31. Rd1 Qa5 32. h3 Nb4 33. Qe2 Rxd1+ 34. Qxd1 Nd5
35. f5 Qb4 36. Qd3 exf5 37. Nd6 Qe1+ 38. Kh2 Qxe5+ 39. Qg3 f4 40. Qf3 Nf6 41.
Nxb7 Qc7 42. c6 g5 43. Nc5 h5 44. Na6 Qc8 45. Nb4 Qc7 46. Na6 Qc8 47. Nb4 Qc7
48. Kh1 g4 49. Qc3 Qd6 50. Nd3 Ne4 51. c7 Ng3+ 52. Kh2 Nf1+ 53. Kg1 Qb6+ 54.
Kxf1 Qb1+ 55. Ne1 Qb5+ 56. Qd3 Qb7 57. Qd8+ Kg7 58. c8=Q Qb5+ 59. Qd3 1-0

[Event "World Rapid Women 2021"]
[Site "Warsaw POL"]
[Date "2021.12.27"]
[Round "6.40"]
[White "Kubicka, Anna"]
[Black "Bartel, Marta"]
[Result "0-1"]
[WhiteTitle "WIM"]
[BlackTitle "WGM"]
[WhiteElo "2266"]
[BlackElo "2192"]
[WhiteFideId "1152254"]
[BlackFideId "1123009"]
[EventDate "2021.12.26"]

1. e4 c5 2. Nf3 Nc6 3. d4 cxd4 4. Nxd4 Nf6 5. Nc3 d6 6. Bg5 Qb6 7. Bxf6 gxf6 8.
Nb3 e6 9. Qf3 Be7 10. Bd3 a6 11. O-O-O Bd7 12. Kb1 Qc7 13. Qe3 h5 14. f4 b5 15.
f5 Ne5 16. fxe6 fxe6 17. h3 O-O-O 18. Be2 Kb8 19. a3 Qa7 20. Nd4 Rc8 21. Qd2 Qb6
22. Na2 h4 23. Nf3 Bc6 24. Bd3 Rcg8 25. Nc1 Rg3 26. Nxe5 dxe5 27. Rhe1 Rhg8 28.
Bf1 Rd8 29. Qe2 Rxd1 30. Qxd1 Qd4 31. Ne2 Qxd1+ 32. Rxd1 Re3 33. Nc3 Kc7 34. Bd3
Rg3 35. Rd2 b4 36. axb4 Bxb4 37. Re2 Bxc3 38. bxc3 a5 39. Kb2 Kd6 40. Kb3 Bd7
41. Rf2 Ke7 42. c4 Re3 43. Re2 Rxe2 44. Bxe2 Kd6 45. c3 Kc5 46. Ka3 Be8 47. Kb3
Bg6 48. Bd3 f5 49. exf5 exf5 50. Ka4 e4 51. Be2 Bf7 52. Kxa5 Bxc4 53. Bh5 e3 54.
Ka4 e2 0-1

[Event "World Rapid Women 2021"]
[Site "Warsaw POL"]
[Date "2021.12.27"]
[Round "6.41"]
[White "Yakimova, Mariya"]
[Black "Katkov, Michelle"]
[Result "1/2-1/2"]
[WhiteTitle "WFM"]
[BlackTitle "WFM"]
[WhiteElo "2198"]
[BlackElo "2151"]
[WhiteFideId "34188859"]
[BlackFideId "2816393"]
[EventDate "2021.12.26"]

1. d4 Nf6 2. c4 e6 3. g3 d5 4. Nf3 dxc4 5. Bg2 a6 6. O-O Nc6 7. e3 Be7 8. Nbd2
O-O 9. Nxc4 Rb8 10. b3 b5 11. Nfe5 Nb4 12. Na5 Qe8 13. a3 Nbd5 14. e4 Nb6 15.
Nec6 Ra8 16. Bf4 Bd7 17. Nxe7+ Qxe7 18. Bxc7 Nc8 19. d5 Ne8 20. d6 Ncxd6 21.
Bxd6 Nxd6 22. e5 Nf5 23. Bxa8 Rxa8 24. Qd2 Be8 25. Rfd1 Qc5 26. Qf4 Qb6 27. b4
Rc8 28. Rac1 Rxc1 29. Qxc1 Qb8 30. Nc6 Bxc6 31. Qxc6 h5 32. Qc5 Qb7 33. Rc1 Qe4
34. Rd1 h4 35. Qc8+ Kh7 36. Qc3 h3 37. f3 Qe2 38. Qd2 Qxf3 39. Rf1 Qxa3 40. g4
Ne3 41. Rc1 Nxg4 42. Qc2+ g6 43. Qc3 Qxc3 44. Rxc3 Nxe5 45. Rxh3+ Kg7 46. Rc3 f5
47. Kf2 Kf6 48. h3 g5 49. Ke2 f4 50. Rc8 Kf5 51. Rf8+ Ke4 52. Rg8 f3+ 53. Kf1
Kf4 54. Rf8+ Kg3 55. Rf6 Kxh3 56. Rxe6 Nd3 57. Re3 Nxb4 58. Rxf3+ Kh4 59. Rb3 a5
60. Kf2 g4 61. Ke3 Kg3 62. Rb1 Nd5+ 63. Kd4 Nc7 64. Rc1 Ne6+ 65. Ke3 Kh2 66.
Rc2+ Kh3 67. Rc6 Ng5 68. Rh6+ Kg3 69. Rh5 Nh3 70. Rxb5 Nf4 71. Rxa5 Ng2+ 72. Ke4 1/2-1/2

[Event "World Rapid Women 2021"]
[Site "Warsaw POL"]
[Date "2021.12.27"]
[Round "6.42"]
[White "Hryzlova, Sofiia"]
[Black "Dworakowska, Joanna"]
[Result "0-1"]
[WhiteTitle "WCM"]
[BlackTitle "IM"]
[WhiteElo "2097"]
[BlackElo "2321"]
[WhiteFideId "14174669"]
[BlackFideId "1107445"]
[EventDate "2021.12.26"]

1. d4 Nf6 2. c4 g6 3. Nc3 d6 4. e4 Bg7 5. h3 O-O 6. Be3 Nbd7 7. g4 e5 8. d5 Qe7
9. Nge2 c5 10. Qd2 a6 11. Ng3 Ne8 12. h4 Nc7 13. h5 b5 14. cxb5 Nb6 15. f3 axb5
16. Nxb5 Nxb5 17. Bxb5 Ba6 18. Bxa6 Rxa6 19. Qh2 Bh8 20. Qg2 Rfa8 21. b3 Qa7 22.
Rh2 Ra3 23. hxg6 fxg6 24. Qc2 Qa5+ 25. Bd2 Qb5 26. Kf2 Bf6 27. Qc1 Rxa2 28. Rb1
Qd3 29. Rb2 Qd4+ 0-1

[Event "World Rapid Women 2021"]
[Site "Warsaw POL"]
[Date "2021.12.27"]
[Round "6.43"]
[White "Malicka, Maria"]
[Black "Gaboyan, Susanna"]
[Result "1/2-1/2"]
[WhiteTitle "FM"]
[BlackTitle "WIM"]
[WhiteElo "2307"]
[BlackElo "2254"]
[WhiteFideId "1197576"]
[BlackFideId "13303627"]
[EventDate "2021.12.26"]

1. e4 c5 2. Nf3 Nc6 3. d4 cxd4 4. Nxd4 Nf6 5. Nc3 e5 6. Ndb5 d6 7. a4 a6 8. Na3
Be7 9. Bg5 O-O 10. Bxf6 Bxf6 11. Bc4 Bg5 12. O-O Kh8 13. Nd5 f5 14. exf5 Bxf5
15. c3 Ne7 16. Nc2 Nxd5 17. Bxd5 Qb6 18. b4 Rac8 19. a5 Qc7 20. c4 Qe7 21. Ne3
Bxe3 22. fxe3 Be6 23. Qd3 Bxd5 24. Qxd5 Qg5 25. Qe4 h6 26. Rad1 Qe7 27. h3 Qc7
28. Rxf8+ Rxf8 29. Qd5 Rc8 30. Rc1 Qc6 31. e4 Kh7 32. Qxc6 Rxc6 33. Kf2 Kg6 34.
Ke3 Rc7 35. Kd3 Rf7 36. Rc2 Rf1 37. c5 dxc5 38. bxc5 Rf6 39. Rb2 Rf7 40. Rb6+
Kg5 41. c6 bxc6 42. Rxc6 Kf4 43. Rxa6 Rd7+ 44. Ke2 Kxe4 45. Rb6 Rd4 46. Rg6 h5
47. Rxg7 Ra4 48. Rh7 Ra2+ 49. Kf1 Ke3 50. Kg1 Rxa5 51. Rxh5 Ra1+ 52. Kh2 e4 53.
Kg3 Ke2 54. Re5 e3 55. h4 Kd2 56. Rd5+ Ke1 57. h5 e2 58. Re5 Kf1 59. Kf4 Ra4+
60. Kf5 Ra5 61. Rxa5 e1=Q 62. Re5 Qf2+ 63. Kg6 Qxg2+ 64. Rg5 Qe4+ 65. Rf5+ Kg2
66. h6 Kg3 67. h7 Kg4 68. h8=Q Qxf5+ 69. Kg7 Qd7+ 70. Kg8 Qe8+ 71. Kh7 Qxh8+ 72.
Kxh8 1/2-1/2

[Event "World Rapid Women 2021"]
[Site "Warsaw POL"]
[Date "2021.12.27"]
[Round "6.44"]
[White "Semenova, Elena1"]
[Black "Kolaric, Spela"]
[Result "1/2-1/2"]
[WhiteTitle "WIM"]
[BlackTitle "WFM"]
[WhiteElo "2278"]
[BlackElo "2185"]
[WhiteFideId "24125148"]
[BlackFideId "14607093"]
[EventDate "2021.12.26"]

1. e4 e5 2. Nf3 Nc6 3. Nc3 Nf6 4. Bb5 Bb4 5. O-O O-O 6. d3 d6 7. Bg5 h6 8. Bxf6
Qxf6 9. Nd5 Qd8 10. Bxc6 bxc6 11. Nxb4 a5 12. Nxc6 Qe8 13. Ncxe5 dxe5 14. Qd2
Qe6 15. Qc3 Re8 16. Qxc7 Ba6 17. Qc3 Rec8 18. Qd2 Bb7 19. Rfe1 Ra6 20. b3 Rc5
21. c3 Qg4 22. h3 Qh5 23. d4 exd4 24. cxd4 Rc8 25. Qf4 Rf6 26. Qg4 Qb5 27. d5
Re8 28. Rac1 Qa6 29. Re3 Bc8 30. Qh4 Rg6 31. Rec3 Bb7 32. Rc7 Qd3 33. Qf4 Rf6
34. Qe3 Qb5 35. Nd4 Qa6 36. Nc6 Kh8 37. a4 Bc8 38. Nd4 Bb7 39. R1c5 Qb6 40. Rc3
Bxd5 41. Nf5 Rxe4 42. Qxb6 Rxb6 43. R7c5 Bxb3 44. Rxa5 Rxa4 45. Rxb3 Rxa5 46.
Rxb6 Rxf5 1/2-1/2

[Event "World Rapid Women 2021"]
[Site "Warsaw POL"]
[Date "2021.12.27"]
[Round "6.45"]
[White "Dylag, Emilia"]
[Black "Sandu, Mihaela"]
[Result "0-1"]
[WhiteTitle "WFM"]
[BlackTitle "WGM"]
[WhiteElo "1956"]
[BlackElo "2269"]
[WhiteFideId "21805172"]
[BlackFideId "1204327"]
[EventDate "2021.12.26"]

1. d4 Nf6 2. c4 g6 3. Nf3 Bg7 4. g3 O-O 5. Bg2 d6 6. O-O Nc6 7. Nc3 a6 8. d5 Na5
9. Nd2 c5 10. Rb1 Rb8 11. b3 b5 12. Qc2 e5 13. Bb2 Bf5 14. e4 Bd7 15. Nd1 Nh5
16. f4 Qe7 17. f5 Bh6 18. Bc1 f6 19. Qc3 Qd8 20. Bf3 Kg7 21. Bxh5 gxh5 22. cxb5
axb5 23. Nf3 Bxc1 24. Qxc1 b4 25. Ne3 Bb5 26. g4 Bd3 27. Qd2 Bxe4 28. Rbe1 Rg8
29. Re2 Kh8 30. Rg2 c4 31. bxc4 b3 32. axb3 Nxb3 33. Qd1 Nd4 34. Nxd4 exd4 35.
Qxd4 Bxg2 36. Kxg2 Qe7 37. Ra1 hxg4 38. Ra7 Qe5 39. Qxe5 fxe5 40. f6 Rbf8 41. f7
Rg6 42. c5 dxc5 43. Nc4 Kg7 44. d6 Rd8 45. Nxe5 Rgxd6 46. Rc7 Rd5 47. Nxg4 R8d7
48. Rc6 Kxf7 49. Nh6+ Kg7 50. Ng4 h5 51. Ne3 Rg5+ 52. Kf2 Rf7+ 53. Ke2 Re5 54.
Ra6 Rfe7 55. Ra3 Kf6 56. Kf2 Rxe3 57. Rxe3 Rxe3 58. Kxe3 Kg5 59. Kd3 Kh4 60. Kc4
Kh3 61. Kxc5 Kxh2 62. Kd4 0-1

[Event "World Rapid Women 2021"]
[Site "Warsaw POL"]
[Date "2021.12.27"]
[Round "6.46"]
[White "Efimenko, Maria"]
[Black "Parol, Pola"]
[Result "1/2-1/2"]
[WhiteTitle "WIM"]
[BlackTitle "WFM"]
[WhiteElo "2245"]
[BlackElo "2067"]
[WhiteFideId "14124327"]
[BlackFideId "1163116"]
[EventDate "2021.12.26"]

1. e4 c5 2. c3 d5 3. exd5 Qxd5 4. d4 Nc6 5. Nf3 Bf5 6. Na3 cxd4 7. cxd4 e6 8.
Nb5 Rc8 9. Be2 a6 10. Nc3 Qd7 11. O-O Nf6 12. Bg5 Be7 13. Rc1 O-O 14. Ne5 Qd8
15. Nxc6 Rxc6 16. Bf3 Rc7 17. Qa4 Qd7 18. Bf4 Qxa4 19. Nxa4 Rd7 20. Nc5 Rxd4 21.
Be3 Bxc5 22. Rxc5 Rd7 23. Rfc1 Nd5 24. Rc8 h6 25. h3 Rfd8 26. b3 g5 27. Kh2 Kg7
28. Bxd5 Rxd5 29. Rxd8 Rxd8 30. Rc7 Be4 31. Bb6 Rd2 32. a4 Bc6 33. Rc8 Rd3 34.
b4 Bxa4 35. Bc5 Bc6 36. Bf8+ Kg6 37. Bc5 Rd2 38. Rh8 h5 39. Rg8+ Kf5 40. Be3 Rd5
41. Rxg5+ Kf6 42. Rg8 a5 43. bxa5 Rxa5 44. f4 Rd5 45. Kg3 Rd3 46. Kf2 Rb3 47. g4
hxg4 48. hxg4 Rb2+ 49. Kg3 Rb3 50. Kf2 Rb2+ 51. Kg3 1/2-1/2

[Event "World Rapid Women 2021"]
[Site "Warsaw POL"]
[Date "2021.12.27"]
[Round "6.47"]
[White "Loskutova, Viktoriya"]
[Black "Budkiewicz, Magdalena"]
[Result "1-0"]
[WhiteTitle "WFM"]
[WhiteElo "2100"]
[BlackElo "1929"]
[WhiteFideId "34166278"]
[BlackFideId "1194917"]
[EventDate "2021.12.26"]

1. e4 c5 2. Nf3 d6 3. d4 cxd4 4. Nxd4 Nf6 5. Nc3 a6 6. Be3 e6 7. a3 Be7 8. g4 h6
9. Bg2 Nc6 10. h3 Bd7 11. Qd2 Rc8 12. O-O-O b5 13. Nxc6 Bxc6 14. Qd3 Nd7 15. f4
Nc5 16. Qe2 Qc7 17. h4 Qb7 18. Bd4 Rg8 19. f5 e5 20. Bxc5 dxc5 21. Nd5 Bxd5 22.
exd5 Bd6 23. g5 Qe7 24. Qg4 hxg5 25. f6 Qc7 26. Qxg5 c4 27. Bh3 Rd8 28. c3 Qa5
29. fxg7 Bxa3 30. Rd2 Bd6 31. Kb1 b4 32. cxb4 Qxb4 33. Rc2 Rb8 34. Qg4 Qb7 1-0

[Event "World Rapid Women 2021"]
[Site "Warsaw POL"]
[Date "2021.12.27"]
[Round "6.48"]
[White "Kucharska, Honorata"]
[Black "Brambilla, Renee Blandy T."]
[Result "1-0"]
[WhiteTitle "WFM"]
[WhiteElo "2146"]
[BlackElo "1536"]
[WhiteFideId "1163868"]
[BlackFideId "2115085"]
[EventDate "2021.12.26"]

1. d4 Nf6 2. c4 g6 3. Nc3 Bg7 4. Nf3 O-O 5. g3 d6 6. Bg2 c6 7. O-O Bf5 8. Re1
Ne4 9. Nh4 Nxc3 10. bxc3 Be6 11. Qd3 Qd7 12. e4 Bh3 13. Rb1 Bxg2 14. Nxg2 Rd8
15. Be3 c5 16. d5 e6 17. Bg5 Re8 18. dxe6 Rxe6 19. Bf4 Nc6 20. Ne3 Ne5 21. Bxe5
Rxe5 22. Nd5 Rh5 23. Nf4 Re5 24. Rbd1 Rae8 25. f3 g5 26. Nh5 f5 27. Rf1 Qf7 28.
Nxg7 Qxg7 29. exf5 Re3 30. Qxd6 Rxc3 31. f6 Qf8 32. Qd5+ Qf7 33. Qxg5+ Qg6 34.
Qf4 Rc2 35. Rd7 Kf8 36. Qd6+ Kg8 37. f7+ Kh8 38. fxe8=Q+ Qxe8 39. Qf6+ Kg8 40.
Qg7# 1-0

[Event "World Rapid Women 2021"]
[Site "Warsaw POL"]
[Date "2021.12.27"]
[Round "6.49"]
[White "Rudzinska, Michalina"]
[Black "Da Silva, Cibele Florencio"]
[Result "1-0"]
[WhiteTitle "WFM"]
[WhiteElo "2215"]
[BlackElo "1405"]
[WhiteFideId "1172883"]
[BlackFideId "2116901"]
[EventDate "2021.12.26"]

1. e4 e5 2. Nf3 Nc6 3. Nc3 Nf6 4. a4 Bb4 5. Bd3 d6 6. h3 O-O 7. Nd5 Bc5 8. c3
Re8 9. Nxf6+ Qxf6 10. b4 Bb6 11. a5 Bd4 12. cxd4 exd4 13. O-O Nxb4 14. Qa4 Nc6
15. Bb2 Qg6 16. Kh2 Bd7 17. Bxd4 Ne5 18. Nxe5 dxe5 19. Qxd7 exd4 20. Qxc7 Qg5
21. f4 Qf6 22. e5 Qe6 23. Qxb7 Qh6 24. Bc4 Kh8 25. Bxf7 Rf8 26. Qe4 Rad8 27. e6
Rxf7 28. exf7 Rf8 29. Qe8 g6 30. Rae1 Kg7 31. Qe5+ Kxf7 32. f5 Kg8 33. fxg6 Rxf1
34. gxh7+ Qxh7 35. Rxf1 Qg6 36. Rf5 Qh6 37. Qe8+ Kh7 38. Rf7+ Kg6 39. Qe6+ Kg5
40. Qg4# 1-0

[Event "World Rapid Women 2021"]
[Site "Warsaw POL"]
[Date "2021.12.27"]
[Round "7.1"]
[White "Serikbay, Assel"]
[Black "Kosteniuk, Alexandra"]
[Result "1/2-1/2"]
[WhiteTitle "WIM"]
[BlackTitle "GM"]
[WhiteElo "2263"]
[BlackElo "2516"]
[WhiteFideId "13706799"]
[BlackFideId "4128125"]
[EventDate "2021.12.26"]

1. d4 Nf6 2. c4 e6 3. g3 d5 4. Nf3 dxc4 5. Bg2 a6 6. O-O Nc6 7. Ne5 Nxe5 8. dxe5
Qxd1 9. Rxd1 Nd7 10. Bf4 Be7 11. h4 h6 12. h5 Nc5 13. Nd2 Bd7 14. Nxc4 O-O-O 15.
Na5 Bb5 16. b4 b6 17. Nc6 Bxc6 18. Bxc6 Nb7 19. a3 Rxd1+ 20. Rxd1 Rd8 21. Rc1 a5
22. Rc4 Rd1+ 23. Kg2 axb4 24. axb4 Nd8 25. Be8 Kb7 26. b5 Bc5 27. g4 c6 28.
bxc6+ Nxc6 29. Bxf7 Nd8 30. Be8 Nc6 31. g5 hxg5 32. Bxg5 Rd5 33. e4 Rd1 34. Bf4
Nd4 35. Be3 Nb3 36. Bxc5 Nxc5 37. f3 Nd3 38. Bc6+ Kb8 39. Be8 Nxe5 40. Rc3 Rd8
41. Bb5 Rh8 42. f4 Ng4 43. Be2 Nf6 44. Rc6 Nxe4 45. Rxb6+ Kc7 46. Rxe6 Nf6 47.
Re7+ Kd6 48. Rxg7 Nxh5 49. Rg6+ Ke7 50. Kf3 Rf8 51. Rg4 Ra8 52. Rh4 Nf6 53. Bd3
Ra3 54. Ke2 Nd5 55. Rh7+ Kf6 56. Rh6+ Kg7 57. Rh7+ Kf6 58. Rh6+ 1/2-1/2

[Event "World Rapid Women 2021"]
[Site "Warsaw POL"]
[Date "2021.12.27"]
[Round "7.2"]
[White "Gunina, Valentina"]
[Black "Lagno, Kateryna"]
[Result "0-1"]
[WhiteTitle "GM"]
[BlackTitle "GM"]
[WhiteElo "2471"]
[BlackElo "2550"]
[WhiteFideId "4167570"]
[BlackFideId "14109336"]
[EventDate "2021.12.26"]

1. d4 Nf6 2. c4 g6 3. Nc3 d5 4. Nf3 Bg7 5. Bg5 Ne4 6. Bf4 Nxc3 7. bxc3 c5 8.
cxd5 Qxd5 9. e3 O-O 10. Be2 cxd4 11. cxd4 Qa5+ 12. Qd2 Nc6 13. Qxa5 Nxa5 14. O-O
Be6 15. Rfc1 Rac8 16. Nd2 Rxc1+ 17. Rxc1 Rc8 18. Rxc8+ Bxc8 19. d5 Bc3 20. Nb1
Bb4 21. e4 Bd7 22. Bc7 b6 23. Bb8 Ba4 24. Bd3 Nb7 25. a3 Ba5 26. Kf1 Bd1 27. f3
Nc5 28. Bc4 Bc2 29. Ba2 Nd3 30. e5 Nc1 31. d6 exd6 32. exd6 Nxa2 33. d7 b5 34.
Nd2 f6 35. Bxa7 Kf7 36. Kf2 Ke7 37. Nf1 Kxd7 38. Ne3 Bb3 39. Ng4 Ke6 40. Ke3 Nc3
41. Kd4 Na4 42. Nf2 Bc3+ 43. Kd3 Bb2 44. Ne4 Bxa3 45. Bd4 Bc4+ 46. Ke3 Bc1+ 47.
Kf2 Bb2 48. Ke3 Bxd4+ 49. Kxd4 Bd5 50. Nf2 b4 51. Nd3 b3 0-1

[Event "World Rapid Women 2021"]
[Site "Warsaw POL"]
[Date "2021.12.27"]
[Round "7.3"]
[White "Muzychuk, Mariya"]
[Black "Garifullina, Leya"]
[Result "1-0"]
[WhiteTitle "GM"]
[BlackTitle "WGM"]
[WhiteElo "2539"]
[BlackElo "2414"]
[WhiteFideId "14114550"]
[BlackFideId "34127035"]
[EventDate "2021.12.26"]

1. e4 e5 2. Nf3 Nc6 3. Bc4 Bc5 4. c3 Nf6 5. d4 exd4 6. e5 d5 7. Bb5 Ne4 8. cxd4
Bb6 9. Nc3 O-O 10. Be3 Bg4 11. h3 Bh5 12. Qc2 Ba5 13. O-O Bxf3 14. gxf3 Nxd4 15.
Bxd4 Bxc3 16. bxc3 Qg5+ 17. Kh1 Qf5 18. Rfc1 Qxh3+ 19. Kg1 Ng5 20. Be2 Nxf3+ 21.
Bxf3 Qxf3 22. Rd1 Qg4+ 23. Kf1 Qh3+ 24. Ke1 f6 25. exf6 Rxf6 26. Qd3 Rf3 27. Be3
c6 28. Kd2 Raf8 29. Qd4 b6 30. Rg1 R8f7 31. Kc2 Qe6 32. Qg4 R3f5 33. Kb2 c5 34.
Rae1 Qd7 35. Rg2 g6 36. Rd1 Qb5+ 37. Ka1 Qa5 38. Rc1 Qa3 39. Qe2 Re7 40. Qb2 Qa4
41. Rgg1 Qc4 42. Rce1 Rfe5 43. Rd1 Rf5 44. Rd2 b5 45. Rgd1 a5 46. Qb3 a4 47.
Qxc4 dxc4 48. Rd5 Ree5 49. Rxe5 Rxe5 50. Rd8+ Kf7 51. Rd7+ Ke6 52. Rxh7 b4 53.
Kb2 a3+ 54. Kc2 Rd5 55. Rb7 bxc3 56. Kxc3 Rd1 57. Ra7 g5 58. Kxc4 g4 59. Rxa3 1-0

[Event "World Rapid Women 2021"]
[Site "Warsaw POL"]
[Date "2021.12.27"]
[Round "7.4"]
[White "Pavlidou, Ekaterini"]
[Black "Koneru, Humpy"]
[Result "0-1"]
[WhiteTitle "WIM"]
[BlackTitle "GM"]
[WhiteElo "2203"]
[BlackElo "2586"]
[WhiteFideId "4213262"]
[BlackFideId "5008123"]
[EventDate "2021.12.26"]

1. d4 Nf6 2. c4 e6 3. Nc3 d5 4. cxd5 exd5 5. Bg5 Be7 6. e3 c6 7. Bd3 Nbd7 8. Qc2
Nf8 9. Nf3 Ne6 10. Bh4 g6 11. Ne5 O-O 12. f4 Ng7 13. O-O-O Ng4 14. Bxe7 Qxe7 15.
Qe2 Nh6 16. g4 f6 17. g5 fxg5 18. fxg5 Nf7 19. Nxf7 Rxf7 20. h4 Nh5 21. e4 Ng3
22. Qg2 Nxh1 23. Rxh1 Be6 24. exd5 Bxd5 25. Nxd5 cxd5 26. Kb1 Qe3 27. Bc2 Qf3
28. Qg1 Raf8 29. Bd1 Qd3+ 30. Ka1 Rf1 31. Qg4 Rxh1 32. Qe6+ Rf7 33. Qe8+ Kg7 34.
Qe5+ Kf8 35. Qb8+ Ke7 36. Qe5+ Kd8 37. Qb8+ Kd7 38. Qxb7+ Kd6 39. Qb8+ Rc7 40.
Qf8+ Kd7 41. Qf7+ Kc8 42. Qg8+ Kb7 43. Qxd5+ Kb6 44. Qd6+ Rc6 45. Qd8+ Ka6 0-1

[Event "World Rapid Women 2021"]
[Site "Warsaw POL"]
[Date "2021.12.27"]
[Round "7.5"]
[White "Shuvalova, Polina"]
[Black "Dzagnidze, Nana"]
[Result "1-0"]
[WhiteTitle "IM"]
[BlackTitle "GM"]
[WhiteElo "2516"]
[BlackElo "2531"]
[WhiteFideId "24171760"]
[BlackFideId "13601903"]
[EventDate "2021.12.26"]

1. e4 c5 2. Nf3 Nc6 3. Bb5 Qc7 4. O-O e6 5. Nc3 Nd4 6. Nxd4 cxd4 7. Ne2 Nf6 8.
d3 a6 9. Ba4 Bc5 10. Bf4 Qa5 11. Bb3 d6 12. e5 Nd7 13. exd6 e5 14. Bd2 Qb6 15.
Ng3 O-O 16. Qh5 Bxd6 17. Ne4 Be7 18. Rae1 Qg6 19. Qxg6 hxg6 20. f4 exf4 21. Bxf4
Nc5 22. Bd6 Bxd6 23. Nxd6 Nxb3 24. axb3 Be6 25. Nxb7 Rfc8 26. Rf2 a5 27. Nd6
Rcb8 28. Re4 a4 29. bxa4 Rxa4 30. b3 Ra1+ 31. Rf1 Ra2 32. Rc1 Rb4 33. Nc4 Bxc4
34. bxc4 Rbb2 35. Rxd4 Rxc2 36. Rxc2 Rxc2 37. Rd8+ Kh7 38. h4 g5 39. hxg5 Kg6
40. Rd5 Kh5 41. Kh2 Kg4 42. Rd7 Rc3 43. Rd5 g6 44. c5 Kf4 45. d4 Rc4 46. Rd6
Kxg5 47. c6 f5 48. d5 Kf4 49. Rd8 g5 50. Re8 g4 51. Re1 Rc5 52. Rd1 g3+ 53. Kg1
Ke3 54. d6 Ke2 55. d7 Kxd1 56. d8=Q+ Kc2 57. c7 1-0

[Event "World Rapid Women 2021"]
[Site "Warsaw POL"]
[Date "2021.12.27"]
[Round "7.6"]
[White "Buksa, Nataliya"]
[Black "Assaubayeva, Bibisara"]
[Result "0-1"]
[WhiteTitle "IM"]
[BlackTitle "IM"]
[WhiteElo "2401"]
[BlackElo "2434"]
[WhiteFideId "14123622"]
[BlackFideId "13708694"]
[EventDate "2021.12.26"]

1. e4 c5 2. Nf3 d6 3. Bb5+ Bd7 4. Bxd7+ Qxd7 5. O-O Nf6 6. Qe2 Nc6 7. c3 e6 8.
d4 cxd4 9. cxd4 d5 10. e5 Ne4 11. Be3 Be7 12. Ne1 f6 13. f3 Ng5 14. Nd3 O-O 15.
Nd2 Nf7 16. f4 f5 17. Nb3 b6 18. h3 Rfc8 19. g4 Nh6 20. Kh1 a5 21. a4 Nb4 22.
Nxb4 Bxb4 23. g5 Nf7 24. g6 hxg6 25. Rg1 Nh8 26. Nc1 Be7 27. Nd3 b5 28. axb5
Qxb5 29. Qd2 a4 30. Nc5 Bxc5 31. dxc5 Rab8 32. Bd4 Qb4 33. Qf2 Qc4 34. Rgc1 Qd3
35. Rc3 Qe4+ 36. Kh2 Rb4 37. Rd1 g5 38. fxg5 f4 39. Rcd3 Ng6 40. Qd2 Rc4 41. Re1
Qf5 42. Rc3 Rxc3 43. Qxc3 Kf7 44. c6 Rh8 45. Rf1 Qxg5 46. c7 Rc8 47. Rg1 Qf5 48.
Qc6 f3 49. Qd7+ Ne7 50. Bc5 Qc2+ 51. Kh1 Qxc5 52. Rg4 Qc1+ 53. Kh2 Qxb2+ 54. Kg3
Qxe5+ 55. Rf4+ Kg8 56. Qxe7 Rxc7 57. Qd8+ Kh7 58. Qe8 f2 59. Kg2 Qxf4 0-1

[Event "World Rapid Women 2021"]
[Site "Warsaw POL"]
[Date "2021.12.27"]
[Round "7.7"]
[White "Vaishali, R"]
[Black "Stefanova, Antoaneta"]
[Result "1/2-1/2"]
[WhiteTitle "IM"]
[BlackTitle "GM"]
[WhiteElo "2401"]
[BlackElo "2469"]
[WhiteFideId "5091756"]
[BlackFideId "2902257"]
[EventDate "2021.12.26"]

1. e4 c6 2. d4 d5 3. e5 c5 4. Nf3 cxd4 5. Qxd4 Nc6 6. Qf4 g6 7. Nc3 Bf5 8. Bb5
a6 9. Bxc6+ bxc6 10. Nd4 Bd7 11. Nb3 e6 12. Be3 Rb8 13. O-O Rb4 14. Qf3 Qc7 15.
Nc5 Bc8 16. Nd3 Rc4 17. Bd2 c5 18. b3 Rd4 19. Ne2 Rh4 20. Ng3 Be7 21. c4 Bb7 22.
cxd5 Bxd5 23. Qe2 Nh6 24. Bxh6 Rxh6 25. Rac1 Rh4 26. Qe3 c4 27. bxc4 Rxc4 28.
Rxc4 Qxc4 29. Rc1 Qb5 30. Nf4 O-O 31. a4 Qxa4 32. Nxd5 exd5 33. e6 f5 34. Qe5 f4
35. Nf1 f3 36. gxf3 Qh4 37. Qxd5 Qg5+ 38. Qxg5 Bxg5 39. Rc5 h6 40. Ng3 Rxf3 41.
Ne4 Be7 42. Rc7 Kf8 43. Rc8+ Kg7 44. Rc7 Kf8 45. Ra7 Rf4 46. Nc3 Bc5 47. Rxa6
Rxf2 48. Ne4 Rf5+ 49. Nxc5 Rxc5 50. e7+ Kxe7 51. Rxg6 h5 52. Kg2 Kf7 1/2-1/2

[Event "World Rapid Women 2021"]
[Site "Warsaw POL"]
[Date "2021.12.27"]
[Round "7.8"]
[White "Atalik, Ekaterina"]
[Black "Mamedjarova, Turkan"]
[Result "1/2-1/2"]
[WhiteTitle "IM"]
[BlackTitle "WGM"]
[WhiteElo "2420"]
[BlackElo "2264"]
[WhiteFideId "4130189"]
[BlackFideId "13402005"]
[EventDate "2021.12.26"]

1. Nf3 d5 2. e3 Nf6 3. c4 e6 4. b3 Bd6 5. Bb2 c6 6. Be2 Nbd7 7. Nc3 O-O 8. O-O
Qe7 9. Qc2 Re8 10. d4 dxc4 11. Bxc4 h6 12. e4 e5 13. d5 Nf8 14. dxc6 bxc6 15.
Ne2 Bg4 16. Ne1 Ng6 17. f3 Bc5+ 18. Kh1 Bd7 19. Nd3 Bb6 20. a4 Nh5 21. Ba3 Qg5
22. Bc5 Ngf4 23. Nexf4 exf4 24. Rfd1 Be6 25. Bxe6 Rxe6 26. a5 Bxc5 27. Nxc5 Rg6
28. b4 Qh4 29. Kg1 Re8 30. Qf2 Qf6 31. Ra2 Rg5 32. Qd4 Rd5 33. Qa1 Rxd1+ 34.
Qxd1 Rd8 35. Rd2 Rxd2 36. Qxd2 Qa1+ 37. Kf2 Qh1 38. Qd8+ Kh7 39. Nd7 Qa1 40.
Nf8+ Kg8 41. Nd7+ Kh7 42. Nf8+ 1/2-1/2